Culture, discipline and democracy /

Bibliographic Details
Main Author: Yocum, A. Duncan (Albert Duncan), 1869-
Format: Book
Language:English
Published: Philadelphia : Christopher Sower company, 1913.
Subjects:

MARC

Tag First Indicator Second Indicator Subfields
LEADER 00000cam a2200000 4500
001 in00000082650
005 20151008053059.0
008 770318s1913 pau 00110 eng
010 |a  13005654  
035 |a (OCoLC)02814557 
035 |9 AAH6123AM 
040 |a DLC  |c MNM  |d TXA  |d UtOrBLW 
049 |a TXAM  |c [21778] 
050 0 |a LB875  |b .Y6 
092 |a 370.1  |b Y54c 
100 1 |a Yocum, A. Duncan  |q (Albert Duncan),  |d 1869- 
245 1 0 |a Culture, discipline and democracy /  |c by A. Duncan Yocum. 
264 1 |a Philadelphia :  |b Christopher Sower company,  |c 1913. 
300 |a x, 11-320 pages ;  |c 19 cm. 
336 |a text  |b txt  |2 rdacontent 
337 |a unmediated  |b n  |2 rdamedia 
338 |a volume  |b nc  |2 rdacarrier 
650 0 |a Formal discipline. 
650 0 |a Education. 
999 |a MARS 
999 f f |s 7f3b93cf-4821-36aa-ad3e-c4a34aa87abc  |i e5f7845d-0dc5-341e-99f5-066729931e56  |t 0 
952 f f |p ric  |a Texas A&M University  |b Rellis Campus  |c Joint Library Facility  |d Remote Storage  |t 0  |e LB875 .Y6  |h Library of Congress classification  |i unmediated -- volume  |m A14800820059 
998 f f |a LB875 .Y6  |t 0  |l Remote Storage